| 000 | 01219nam a2200229Ia 4500 | ||
|---|---|---|---|
| 001 | L150-1429 | ||
| 003 | IT-CnALBA | ||
| 008 | 170116s9999||||xx |||||||||||||| ||und|| | ||
| 040 |
_aIT-CnALBA _cIT-CnALBA |
||
| 041 | _aITALIANO | ||
| 100 | _aBERGER GASTON | ||
| 245 | 0 | _aANALISI DEL CARATTERE. CONSIDERAZIONI TEORICHE APPLICAZIONI PRATICHE. | |
| 250 | _a1a ed. | ||
| 260 |
_a TORINO. ROMA _bBORLA EDITORE _c1965 [1° Ed.:1965 - Ed.Ling.Originale: 1963] |
||
| 300 | _a314 p. | ||
| 500 | _aTRADUZIONE DAL FRANCESE DI GALLI ROBERTO. CONCEZIONE CARATTEREOLOGICA DI LESENNE RENÈ E DI BERGER GASTON. CARATTEREOLOGIA E COSCIENZA DEGLI UOMINI. STRATI DELLA PERSONALITÀ. EMOTIVITA ATTIVITÀ SECONDARIETA'. OTTO TIPI CARATTEREOLOGICI. ATTEGGIAMENTI DI FR | ||
| 501 | _aSocietà San Paolo EM - Piazza San Paolo, 14 - 12051 ALBA (CN) (non commercial uses only) ® Copyright 2017 | ||
| 520 | _aTRADUZIONE DAL FRANCESE DI GALLI ROBERTO. CONCEZIONE CARATTEREOLOGICA DI LESENNE RENÈ E DI BERGER GASTON. CARATTEREOLOGIA E COSCIENZA DEGLI UOMINI. STRATI DELLA PERSONALITÀ. EMOTIVITA ATTIVITÀ SECONDARIETA'. OTTO TIPI CARATTEREOLOGICI. ATTEGGIAMENTI DI FR | ||
| 650 | _aPSICOLOGIA | ||
| 942 | _cBK | ||
| 957 | _71 | ||
| 999 |
_a2420 _bNO _g Copie: 1 _c260657 _d260657 |
||